Dr. Seuss Books by Picture - Statistics

General Stats
  • This quiz has been taken 512 times
    354 since last reset
  • The average score is 8 of 14
Answer Stats
Picture Answer % Correct
The Cat in the Hat
95%
Green Eggs and Ham
94%
How the Grinch Stole Christmas
91%
The Lorax
90%
Horton Hears a Who
86%
One Fish Two Fish Red Fish Blue Fish
73%
Fox in Socks
57%
Oh, the Places You'll Go!
53%
Hop on Pop
43%
Yertle the Turtle
41%
The Sneetches
26%
And to Think That I Saw It on Mulberry Street
13%
The Butter Battle Book
13%
The 500 Hats of Bartholomew Cubbins
12%
No matching quizzes found
Score Distribution
Percent of People with Each Score
Percentile by Number Answered
Your Score History
You have not taken this quiz since the last reset